000 00395nam a2200181Ia 4500
001 14686
005 20260306164932.0
008 260306t1995||||xx |||||||||||||| ||spa||
041 _aESP
082 _a515.63
_bP63
100 _aPita Ruiz, Claudio
_eAUT
245 0 _aCálculo vectorial
260 _c1995
300 _a
_c
650 _aGEN
654 _aCMA
942 _cLIB
_dJUS
_fJUS
_2ddc
_n
999 _c14686
_d14686